[Event "Ostrava op-B"]
[Site "Ostrava"]
[Date "2003.05.11"]
[Round "10"]
[White "Wojcik, Stanislav"]
[Black "Klecka, Ivo"]
[Result "0-1"]
[WhiteElo "1548"]
[BlackElo "1657"]
[PlyCount "60"]
[EventDate "2003.05.03"]
[EventType "swiss"]
[EventRounds "10"]
[EventCountry "CZE"]
[SourceTitle "EXT 2006"]
[Source "ChessBase"]
[SourceDate "2005.11.24"]
[SourceVersion "1"]
[SourceVersionDate "2005.11.24"]
[SourceQuality "1"]

1. d4 Nf6 2. c4 g6 3. Nc3 Bg7 4. e4 d6 5. Be3 0-0 6. Nf3 Nbd7 7. Bd3 Re8 8. Qc2 e5 9. 0-0 exd4 10. Nxd4 Ne5 11. Be2 c5 12. Nf3 Nfg4 13. Bf4 Nxf3+ 14. gxf3 Be5 15. Bg3 Bxg3 16. fxg3 Ne3 17. Qd3 Nxf1 18. Bxf1 Be6 19. b3 a6 20. Rd1 Qf6 21. Nd5 Bxd5 22. Qxd5 Qxf3 23. Bg2 Qe2 24. Rf1 Rf8 25. Qxb7 Qxa2 26. h4 Rab8 27. Qd5 Qxb3 28. Qxd6 Qxc4 29. Kh2 Rb2 30. e5 Qxf1 0-1

[Event "Ostrava op-B"]
[Site "Ostrava"]
[Date "2003.05.10"]
[Round "9"]
[White "Benes, Jaroslav"]
[Black "Wojcik, Stanislav"]
[Result "1/2-1/2"]
[WhiteElo "1802"]
[BlackElo "1548"]
[PlyCount "48"]
[EventDate "2003.05.03"]
[EventType "swiss"]
[EventRounds "10"]
[EventCountry "CZE"]
[SourceTitle "EXT 2006"]
[Source "ChessBase"]
[SourceDate "2005.11.24"]
[SourceVersion "1"]
[SourceVersionDate "2005.11.24"]
[SourceQuality "1"]

1. e4 c5 2. Nf3 Nc6 3. d4 cxd4 4. Nxd4 e5 5. Nb5 d6 6. N1c3 a6 7. Na3 Be6 8. Nd5 Rb8 9. c4 h6 10. Bd3 Nf6 11. 0-0 Be7 12. Be3 0-0 13. Bb6 Qc8 14. Rc1 Bd8 15. Qd2 Bxb6 16. Nxb6 Qd8 17. Nd5 Nh5 18. Nc2 Qh4 19. f4 exf4 20. Nxf4 Ne5 21. Nxh5 Qxh5 22. Be2 Nxc4 23. Bxc4 Bxc4 24. Rf5 Qg6 1/2-1/2